அன்றாட வாழ்க்கையுடன் இணைந்துள்ள பௌத்த சூத்திரங்களள் சில /
Antrada vazhkalyudan innaindhulla buddha suththirangal sila
Saved in:
| Main Author: | |
|---|---|
| Format: | Book |
| Language: | English |
| Published: |
கொழும்பு :
எஸ். கொடகே சகோதரர்கள்,
2022.
|
| Subjects: | |
| Tags: |
Add Tag
No Tags, Be the first to tag this record!
|
MARC
| LEADER | 00000nam a2200000 4500 | ||
|---|---|---|---|
| 003 | LK-CoNLD | ||
| 005 | 20260406091654.0 | ||
| 008 | 170403b xxu||||| |||| 00| 0 eng d | ||
| 015 | |2 slnb |a slnb202305 | ||
| 017 | |b LK-CoDNA |a 479007 | ||
| 020 | |a 9786240017053 | ||
| 040 | |a LK-CoNLD |b TAM |c LK-CoNLD |d LK-CoNLD | ||
| 082 | |2 23 |q LK-CoNLD |a 294.382 | ||
| 100 | |a விஜயசிங்க, வஜிர பிரபாத் |9 31894 | ||
| 245 | |6 880-1 |a அன்றாட வாழ்க்கையுடன் இணைந்துள்ள பௌத்த சூத்திரங்களள் சில / |c வஜிர பிரபாத் விஜயசிங்க ; மொழி. ராஜரீகப் பண்டிதர் . | ||
| 260 | |a கொழும்பு : |b எஸ். கொடகே சகோதரர்கள், |c 2022. | ||
| 300 | |a ப. 344 ; |c ச.மீ. 22. |b ஒமு-மஉ : ரூ. 1750.00 | ||
| 650 | 0 | |a சூத்திரங்கள் - பௌத்த சமயம் |9 81600 | |
| 880 | |6 245-1 |a Antrada vazhkalyudan innaindhulla buddha suththirangal sila | ||
| 942 | |c BOOK | ||
| 945 | |c 22 |d Logeshwary RAMASAMY | ||
| 999 | |c 267466 |d 267466 | ||